The political structure of early medieval South India / (Record no. 19902)

MARC details
000 -LEADER
fixed length control field 01069nam a2200313 a 4500
001 - CONTROL NUMBER
control field 4902773
003 - CONTROL NUMBER IDENTIFIER
control field BDDh-ASL
005 - DATE AND TIME OF LATEST TRANSACTION
control field 20231015025824.0
008 - FIXED-LENGTH DATA ELEMENTS--GENERAL INFORMATION
fixed length control field 931126s1993 ii b 001 0 eng
010 ## - LIBRARY OF CONGRESS CONTROL NUMBER
LC control number 93905632
020 ## - INTERNATIONAL STANDARD BOOK NUMBER
International Standard Book Number 0863113095 :
Terms of availability Rs195.00
025 ## - OVERSEAS ACQUISITION NUMBER
Overseas acquisition number I-E-71976
040 ## - CATALOGING SOURCE
Original cataloging agency DLC
Transcribing agency DLC
Modifying agency DLC
-- BDDh-ASL
043 ## - GEOGRAPHIC AREA CODE
Geographic area code a-ii---
050 00 - LIBRARY OF CONGRESS CALL NUMBER
Classification number JQ231
Item number .V45 1993
082 00 - DEWEY DECIMAL CLASSIFICATION NUMBER
Classification number 306.2409
Edition number 21
Item number VEP
100 1# - MAIN ENTRY--PERSONAL NAME
Personal name Veluthat, Kesavan,
Dates associated with a name 1951-
245 14 - TITLE STATEMENT
Title The political structure of early medieval South India /
Statement of responsibility, etc. Kesavan Veluthat.
260 ## - PUBLICATION, DISTRIBUTION, ETC.
Place of publication, distribution, etc. Hyderabad, A.P. :
Name of publisher, distributor, etc. Orient Longman,
Date of publication, distribution, etc. 1993.
300 ## - PHYSICAL DESCRIPTION
Extent xi, 294 p. :
Dimensions 23 cm.
500 ## - GENERAL NOTE
General note Revision of the author's thesis (Ph. D.--University of Calicut, 1987).
504 ## - BIBLIOGRAPHY, ETC. NOTE
Bibliography, etc. note Includes bibliographical references (p. 271-288) and index.
650 #0 - SUBJECT ADDED ENTRY--TOPICAL TERM
Topical term or geographic name entry element Power (Social sciences)
Geographic subdivision India, South
General subdivision History.
651 #0 - SUBJECT ADDED ENTRY--GEOGRAPHIC NAME
Geographic name India, South
General subdivision Politics and government.
651 #0 - SUBJECT ADDED ENTRY--GEOGRAPHIC NAME
Geographic name India, South
General subdivision History.
906 ## - LOCAL DATA ELEMENT F, LDF (RLIN)
a 7
b cbc
c orignew
d 3
e ncip
f 19
g y-gencatlg
942 ## - ADDED ENTRY ELEMENTS (KOHA)
Source of classification or shelving scheme Dewey Decimal Classification
Koha item type Books
Holdings
Withdrawn status Lost status Source of classification or shelving scheme Damaged status Not for loan Collection code Home library Current library Shelving location Date acquired Source of acquisition Total Checkouts Full call number Barcode Date last seen Copy number Price effective from Koha item type Public note
    Dewey Decimal Classification   Not For Loan Non-fiction Asiatic Society Library Asiatic Society Library Ludden Collection 12/22/2020 Donated by Prof. David Ludden   306.2409 VEP 103294 12/22/2020 C-1 12/22/2020 Books RARE

Powered by Koha